Piłkarska kariera Sola Campbella. - Statystyki

Ogólne statystyki
  • Ten quiz został rozwiązany 41 razy
  • Średni wynik to 3 z 6
Statystyki odpowiedzi
Lata Drużyna % Poprawnych
2001-2006 Arsenal
100%
2010-2010 Arsenal
100%
1992-2001 Tottenham
69%
2006-2009 Portsmouth
29%
2010-2011 Newcastle
20%
2009-2009 Notts County
6%
Nie znaleziono quizów pasujących do podanych kryteriów
Rozkład punktacji
Procent ludzi z każdym wynikiem
Percentyl według liczby udzielonych odpowiedzi
Twoja historia wyników
Nie rozwiązałeś tego quizu